logo

Bir Sreshtho Munshi Abdur Rouf Library
Jhenaidah Cadet College

Fundamentals of college algebra with trigonometry / (Record no. 5549)

MARC details
000 -LEADER
fixed length control field 00748pam a2200277 a 4500
001 - CONTROL NUMBER
JCCL Control Number 5549
003 - CONTROL NUMBER IDENTIFIER
JCCL marc code BD-JhCC
005 - DATE AND TIME OF LATEST TRANSACTION
control field 20180404102150.0
008 - FIXED-LENGTH DATA ELEMENTS--GENERAL INFORMATION
fixed length control field 860204s1986 ilua 001 0 eng
020 ## - INTERNATIONAL STANDARD BOOK NUMBER
International Standard Book Number 0830411259
035 ## - SYSTEM CONTROL NUMBER
system control number (BD-JhCC)5549
040 ## - CATALOGING SOURCE
Original cataloging agency DLC
Transcribing agency DLC
Modifying agency DLC
041 ## - LANGUAGE CODE
Language code of Book eng
050 00 - LIBRARY OF CONGRESS CALL NUMBER
Classification number QA152.2
Item number .S688 1986
082 00 - DEWEY DECIMAL CLASSIFICATION NUMBER
Classification number 512/.13
DDC Edition number 19
Author mark and Year STE 1986
100 1# - MAIN ENTRY--PERSONAL NAME
Personal name Stein, Robert G.
245 10 - TITLE STATEMENT
Title Fundamentals of college algebra with trigonometry /
Statement of responsibility, etc Robert G. Stein.
260 ## - PUBLICATION, DISTRIBUTION, ETC. (IMPRINT)
Place of publication, distribution, etc Chicago :
Name of publisher, distributor, etc Nelson-Hall,
Date of publication, distribution, etc c1986.
300 ## - PHYSICAL DESCRIPTION
Pagination xv, 504 p. :
Other physical details ill. ;
Dimensions 27 cm.
440 #0 -
Title Nelson-Hall series in mathematics
500 ## - GENERAL NOTE
General note Includes index.
650 #0 - SUBJECT ADDED ENTRY--TOPICAL TERM
Topical term or geographic name as entry element Algebra.
650 #0 - SUBJECT ADDED ENTRY--TOPICAL TERM
Topical term or geographic name as entry element Trigonometry.
942 ## - ADDED ENTRY ELEMENTS (KOHA)
Source of classification or shelving scheme Dewey Decimal Classification
Koha item type Books
Holdings
Source of classification or shelving scheme Damaged status Not for loan Home library Current library Shelving location Total Checkouts Full call number Barcode Date last seen Copy number Koha item type Date of accession
Dewey Decimal Classification     JCC Rouf Library JCC Rouf Library General Stacks   512/.13 STE 1986 7769 12/18/2017 C-1 Books  
Dewey Decimal Classification     JCC Rouf Library JCC Rouf Library General Stacks   512/.13 STE 1986 11240 04/04/2018 C-2 Books 04/04/2018

JCC Library | Contacts | JCC Home

Last Update on 23 September 2017
Copyright @ 2017-2020 JCC Rouf Library
Rouf Library, Jhenidah Cadet College (JCC), Bangladesh